=LDR 00000nam 2200000 4500 =001 INLIS000000000063122 =005 20240131085239 =035 ##$$a 0010-0124000069 =007 ta =008 240131################g##########0#ind## =020 ##$$a 978-602-6328-64-9 =082 ##$$a 920 (Indriya) =084 ##$$a 920 (Indriya) Ind s =245 1#$$a Syiartainment & Syiarpreneur /$c Indriyana R. Dani; Editor, A. Mellyora =250 ##$$a Cetakan 1 =300 ##$$a xii, 132 halaman : $b ilusrasi ; $c 24 cm =700 #$$a A. Mellyora (Editor) =600 #4$$a Indiyana R. Dani - 1975 =264 ##$$a Solo :$b Metagraf,$c 2018 =336 ##$$a Teks$2 rdacontent =337 ##$$a Tanpa Perantara$2 rdamedia =338 ##$$a Volume$2 rdacarrier =990 ##$$a 01400140 =990 ##$$a 01400140 =990 ##$$a 01400140